000 00390pab a2200145 454500
008 180718b1983 xxu||||| |||| 00| 0 eng d
100 _aItagaki, Takao
245 _aMultinational firms and the theory of effective protection
260 _c1983
300 _a447-62
362 _aNov.
650 _aInternational Business Enterprises
773 _aOxford Economic Papers
909 _a11196
999 _c11196
_d11196